000 01351cam a2200277 4500
001 gs 68000309
003 DLC
005 20260227111423.0
008 690408s1966 lauab b 000 0 eng c
010 _ags 68000309
040 _aU.S. Geological Survey Library
_cDLC
_dDLC
070 0 _aGB1025.L8A3 no. 18
100 1 _aCardwell, G. T.
_q(George T.),
_d1922-
245 1 0 _aProgress report on the availability of fresh water,
_bLake Pontchartrain area, Louisiana,
_cby G. T. Cardwell, M. J. Forbes, Jr., and M. W. Gaydos.
260 _aBaton Rouge,
_bDept. of Conservation, Louisiana Geological Survey,
_c1966.
300 _av, 24 p.
_billus., maps (1 fold. in pocket)
_c23 cm.
410 1 0 _aLouisiana.
_bGeological Survey.
_tWater resources pamphlet
_vno. 18
500 _aAt head of title: Sewerage and Water Board of New Orleans in cooperation with the U.S. Geological Survey under the auspices of State of Louisiana, Dept. of Conservation, Geological Survey of Public Works.
504 _aBibliography: p. 23-24.
650 0 _aWater-supply
_zLouisiana
_zLake Pontchartrain Region.
650 0 _aGroundwater
_zLouisiana
_zLake Pontchartrain Region.
700 1 _aForbes, Max J.,
_d1930-
_ejoint author.
700 1 _aGaydos, M. W.,
_d1938-
_ejoint author.
710 2 _aGeological Survey (U.S.)
710 1 _aNew Orleans.
_bSewerage and Water Board.
999 _c30518
_d30518